[Event "POL-chT 1st League 2020"]
[Site "Ustron"]
[Date "2020.09.11"]
[Round "7.22"]
[White "Chyzy, Jakub"]
[Black "Tomaszewski, Roman"]
[Result "1-0"]
[WhiteElo "2249"]
[BlackElo "2206"]
[Annotator "TA"]
[PlyCount "89"]
[EventDate "2020.09.05"]
[EventType "team-tourn"]
[EventCountry "POL"]
[SourceTitle "playchess.com"]
[Source "ChessBase"]
[SourceQuality "1"]
[WhiteTeam "LKSz GCKiP Czarna"]
[BlackTeam "SEMPAI UKS HETMAN Cz."]

{[%evp 10,89,14,14,0,-4,17,15,30,0,0,5,-1,-1,0,0,0,0,0,0,3,0,12,-4,-12,-58,-47,-69,-56,-68,-65,-74,-58,-74,-82,-151,-137,-122,-62,-83,-63,-52,-59,-59,0,-11,0,0,0,0,26,5,2,0,14,4,55,11,218,218,218,218,278,275,293,282,345,347,29991,29992,29992,29993,29993,29994,29994,29995,29995,29996,29996,29997,29997,960]} 1. e4 c6 2. d4 d5 3. e5 Bf5 4. Nf3 e6 5. a3 Nd7 6. Be2 Ne7 {B12: Caro-Kann: Advance Variation.} 7. O-O Nc8 {[#]} 8. b3 $146 ({Predecessor:} 8. Nbd2 Be7 9. b4 a5 10. bxa5 Qxa5 11. c4 dxc4 12. Nxc4 Qc7 13. Bb2 O-O 14. a4 Ndb6 {1-0 (28) Wells,D (1997)-Smallbone,K (2221) England 2011}) 8... c5 {The position is equal.} 9. c4 dxc4 10. Bxc4 Ncb6 11. d5 exd5 12. Bxd5 Nxd5 13. Qxd5 Qb6 14. Ng5 Be6 $132 {[%mdl 2048] Black has counterplay} 15. Nxe6 fxe6 16. Qf3 (16. Qd1 {with more complications.} Nxe5 17. Re1 Qd6 18. Qh5+ Ng6 19. Ra2) 16... Nxe5 17. Qh5+ Ng6 18. Bg5 Bd6 $1 19. Nd2 O-O 20. Nc4 Qc6 21. Rad1 Bc7 22. Rfe1 (22. Qe2 $142) 22... b5 23. Nd2 Nf4 (23... Rf5 $17 {...Raf8 is the strong threat.} 24. Ne4 c4) 24. Bxf4 $15 Rxf4 25. Nf3 {Threatens to win with Ng5!} h6 26. Ne5 Bxe5 (26... Qe8 $5 {[%cal Re8h5]} 27. Qe2 Rc8 $15) 27. Qxe5 Raf8 28. Rd6 Qc8 29. f3 R4f6 30. Rc1 Rf5 31. Qe4 Qe8 32. Rxe6 Qf7 (32... Qd7 $11) 33. Rd1 Rc8 $2 {This move loses the game for Black.} (33... a5 $11 {and Black has nothing to worry.}) 34. Re7 $18 Qf6 35. h4 {Black must now prevent Qb7.} ({Less strong is} 35. Rxa7 Re5 $16) 35... Rf4 {[#]} 36. Rxg7+ $1 {[%mdl 576] Decoy} Kxg7 (36... Qxg7 37. Qxf4) 37. Qb7+ {[%mdl 64] Double Attack} Kg6 38. Qxc8 Rxh4 $2 {[%mdl 4096] Endgame KQR-KQR} (38... Qe7 $18 39. Qc6+ Rf6 40. Qxb5 Rd6 41. Rxd6+ Qxd6 42. Qe8+ Kg7) 39. Qg8+ {White mates.} Kf5 40. Rd5+ {[%mdl 64] Double Attack} Kf4 {[#]} 41. Qb8+ $1 {[%mdl 576] Double Attack} Ke3 42. Qe8+ Kf4 43. Qe4+ Kg3 44. Qe1+ Kf4 45. g3+ {Accuracy: White = 84%, Black = 64%.} (45. Qd2+ $142 Kg3 46. Qf2+ {[%mdl 64] Double Attack} Kf4 47. g3#) 1-0

[Event "POL-chT 1st League 2020"]
[Site "Ustron"]
[Date "2020.09.11"]
[Round "7.23"]
[White "Kaliszuk, Kamil"]
[Black "Czernek, Tymon"]
[Result "0-1"]
[WhiteElo "1962"]
[BlackElo "2267"]
[Annotator "TA"]
[PlyCount "68"]
[EventDate "2020.09.05"]
[EventType "team-tourn"]
[EventCountry "POL"]
[SourceTitle "playchess.com"]
[Source "ChessBase"]
[SourceQuality "1"]
[WhiteTeam "SEMPAI UKS HETMAN Cz."]
[BlackTeam "LKSz GCKiP Czarna"]
[WhiteTeamCountry "POL"]

{[%evp 9,67,2,20,0,0,15,22,0,0,0,8,-26,0,0,0,0,26,0,8,25,10,11,16,-62,-36,-145,-144,-146,-122,-133,-146,-197,-176,-237,-250,-519,-525,-518,-518,-518,-533,-513,-506,-518,-511,-760,-714,-718,-571,-540,-472,-632,-377,-536,-514,-1066,-788,-29997,-29998,-29999]} 1. e4 c5 2. Nf3 d6 3. d4 cxd4 4. Qxd4 Nc6 5. Qe3 Nf6 6. Be2 {B53: Sicilian: 2...d6: Lines with Qxd4.} g6 7. O-O Bg7 8. h3 {The position is equal.} O-O 9. Rd1 Nd7 10. c4 Nc5 11. Nc3 a5 12. Bd2 {[#]} Nb4 $146 ({Predecessor:} 12... f5 13. exf5 gxf5 14. Qg5 f4 15. Qh4 e5 16. Qxd8 Rxd8 17. Ng5 h6 18. Nge4 Nd4 {½-½ (27) Ustianovich,N (2382)-Nagy,B (2396) Leanyfalu 2019}) 13. Rac1 Bd7 14. Nd4 f5 15. exf5 gxf5 {aiming for ...f4.} 16. f4 (16. Qg3 $11) 16... e5 $1 $15 {[%cal Re5d4]} 17. fxe5 {White is on the road to losing.} ({White should try} 17. Nf3 $15) 17... f4 $17 18. Qf3 dxe5 19. Nb3 {[#]} Bc6 $1 $36 {[%cal Rc6f3][%mdl 2048] Black is really pushing.} (19... Nxb3 20. axb3 Bc6 21. Qg4 $15) 20. Nd5 {[#]} (20. Qh5 $17 Nxa2 21. Nxc5 Qd4+ 22. Kh2 Nxc1 23. Bxc1 Qxc5 24. Bd3) 20... e4 $1 $19 {[%cal Re4f3]} ({Don't take} 20... Nxd5 21. cxd5 e4 22. Qf1 $17) 21. Qh5 (21. Qf1 {was necessary.} Nxb3 22. axb3) 21... Be8 ({Worse is} 21... Nxd5 22. Nxc5 Nf6 23. Qg5 $11) ({Weaker is} 21... Bxd5 22. Bxb4 Nxb3 23. Bxf8 $16) 22. Nf6+ $2 (22. Qg4 Bd7 23. Qxg7+ Kxg7 24. Nxc5) 22... Qxf6 23. Qxc5 b6 24. Qf2 e3 25. Bxe3 fxe3 26. Qxe3 Bc6 {And now ...Rae8 would win.} 27. Rf1 {[#]} Qg6 $1 {[%csl Gc6][%cal Rg6g2]} 28. Bg4 Rfe8 29. Qxb6 Nd3 30. Rc2 {Now Bf5 and White clings on.} Ne5 31. Bf5 (31. Rcf2 {only move.}) 31... Qg3 {...Rab8 is the strong threat.} 32. Rcf2 (32. Re2 $142 Nf3+ {[%mdl 64] Discovered Attack} 33. Rxf3 Bxf3 34. Qf2 Qxf2+ 35. Rxf2 Re1+ 36. Rf1 Rxf1+ 37. Kxf1) 32... Bh6 33. Kh1 {[#]} Bf4 $1 {[%mdl 576] Deflection} 34. Rxf4 Qxg2# {Accuracy: White = 37%, Black = 79%.} 0-1

[Event "POL-chT 1st League 2020"]
[Site "Ustron"]
[Date "2020.09.11"]
[Round "7.24"]
[White "Wikar, Martyna"]
[Black "Lach, Aleksandra"]
[Result "1-0"]
[WhiteElo "2045"]
[BlackElo "2188"]
[Annotator "TA"]
[PlyCount "147"]
[EventDate "2020.09.05"]
[EventType "team-tourn"]
[EventCountry "POL"]
[SourceTitle "playchess.com"]
[Source "ChessBase"]
[SourceQuality "1"]
[WhiteTeam "LKSz GCKiP Czarna"]
[BlackTeam "SEMPAI UKS HETMAN Cz."]

{[%evp 15,147,21,26,19,57,18,26,30,46,-6,-10,-5,0,0,-3,0,-8,-23,-23,0,0,0,0,0,0,0,0,-143,-146,-182,-179,-193,0,0,0,0,229,236,256,251,343,328,337,322,329,329,324,331,327,330,329,323,413,409,475,493,475,476,569,563,868,868,911,428,517,516,517,513,506,507,508,504,506,502,612,603,730,727,750,748,735,735,735,735,730,731,29957,1611,1489,1406,29948,2149,2990,2990,2607,2581,1947,2069,1890,1804,1689,1300,29970,29965,29966,29966,29967,29962,29962,29963,29961,29955,29953,29945,29952,29954,29950,29953,29958,29959,29961,29961,29962,29956,29969,29970,29966,5508,6103,5431,5431,1965,29979,29978]} 1. e4 c6 2. d4 d5 3. Nc3 dxe4 4. Nxe4 Nf6 5. Nxf6+ exf6 6. c3 Bd6 7. Bd3 O-O 8. Ne2 Re8 9. Qc2 {B15: Caro-Kann: 3 Nc3: 3...g6 and 3...dxe4 4 Nxe4 Nf6 5 Nxf6+ exf6.} h5 10. Be3 Nd7 11. O-O-O {White has an edge.} Nf8 12. Ng3 ({White should try} 12. Kb1 $14) 12... g6 13. Ne4 f5 14. Nxd6 Qxd6 15. g3 Be6 16. c4 b5 17. d5 cxd5 {[%cal Rb5c4]} 18. c5 Qa6 {[#]} 19. Qc3 $146 ({Predecessor:} 19. b3 Rec8 20. Kb2 Qa5 21. Rhe1 b4 22. Bd4 Rc6 23. Qd2 Kh7 24. g4 hxg4 25. Qg5 Nd7 26. Qh4+ {1-0 (26) Muzychuk,A (2569)-Khotenashvili,B (2479) St Petersburg 2018}) 19... d4 20. Bxd4 {aiming for Bh8.} Bxa2 21. b3 (21. Rhe1 $11) 21... Qa3+ $17 22. Kc2 Ne6 23. Bxb5 {With the idea b4.} Rec8 $2 (23... Nxc5 $19 {[%cal Ra2b3]} 24. Bxc5 Bxb3+ 25. Qxb3 Qxc5+ {[%mdl 64] Double Attack} 26. Qc4 {[#]} Rac8 $1 {[%mdl 512]} 27. Qxc5 (27. Kb3 $2 Qb6 $19) 27... Rxc5+ 28. Kd3 Rxb5) 24. b4 $11 Qxc3+ $1 25. Bxc3 {Black must now prevent Ba6.} Nxc5 $2 {White stays focused until the end.} (25... a5 $1 $11 {and Black is okay.} 26. Bd7 Rcb8) 26. bxc5 $18 {Threatens to win with c6.} Rxc5 27. Ba6 Rb8 28. Rd6 Kf8 29. Re1 Be6 30. Re5 Rc7 31. Rb5 Rxb5 32. Bxb5 Ke7 33. Ra6 g5 34. Kd3 f4 35. gxf4 gxf4 36. Be5 Bf5+ 37. Kd4 Rb7 38. Bc6 Rb4+ 39. Kc3 (39. Kc5 $142) 39... Rb1 40. Bxf4 Be6 41. Rxa7+ Kf6 42. Be4 Rb3+ 43. Kc2 Rb4 44. f3 h4 45. Bd6 Rc4+ 46. Kd3 Kg7 47. Be5+ Kh6 48. Bf6 Rc8 49. Bxh4 f5 50. Bb7 Rc7 51. Ra6 Kh5 52. Rxe6 Kxh4 {[%mdl 4096] Endgame KRB-KR} 53. Bd5 (53. Bc6 $142 Kg5 54. Ke3 f4+ 55. Ke4 Rh7 56. Be8 Rc7 57. Rg6+ Kh4 58. Kxf4 Rc4+ 59. Ke5 Rc5+ 60. Kf6) 53... Kg5 54. Ke3 {[#] Intending f4+ and mate.} Rc3+ 55. Kf2 Kf4 56. Rc6 Rd3 57. Rc4+ Ke5 58. Bc6 f4 59. Re4+ Kf5 60. Re2 Kg5 61. Be4 Ra3 62. Rc2 Kh4 63. Bf5 Ra5 64. Be6 Rb5 65. Bc4 Rc5 66. Bd3 Rd5 67. Ke2 Rg5 68. Be4 Rg1 69. Rc7 Rg2+ 70. Kd3 Rg8 71. Rh7+ (71. Kd4 $142 Kh3 72. Rc2 Re8 73. Bf5+ Kh4 74. Rg2 Re7 75. Rg4+ Kh5 76. Be4) 71... Kg5 72. h4+ Kf6 73. Rh6+ Ke7 74. Kd4 {Accuracy: White = 83%, Black = 63%.} 1-0

[Event "POL-chT 1st League 2020"]
[Site "Ustron"]
[Date "2020.09.11"]
[Round "7.25"]
[White "Szwed, Jacek"]
[Black "Cukrowski, Filip"]
[Result "1/2-1/2"]
[WhiteElo "2380"]
[BlackElo "2406"]
[Annotator "TA"]
[PlyCount "61"]
[EventDate "2020.09.05"]
[EventType "team-tourn"]
[EventCountry "POL"]
[SourceTitle "playchess.com"]
[Source "ChessBase"]
[SourceQuality "1"]
[WhiteTeam "MKSz Rybnik"]
[BlackTeam "UKS RODLO Opole"]

{[%evp 28,61,46,41,83,87,95,121,107,39,32,43,43,42,37,36,42,60,67,68,68,68,68,70,77,80,91,86,81,68,83,0,90,0,72,0]} 1. e4 e6 2. d4 d5 3. Nd2 c5 4. exd5 Qxd5 5. Ngf3 cxd4 6. Bc4 Qd7 7. O-O Nc6 8. Nb3 a6 9. Nbxd4 Nxd4 10. Nxd4 Nf6 11. Re1 Qc7 12. Bb3 Bd6 13. Nf5 Bxh2+ 14. Kh1 O-O {[#]} 15. Nxg7 $1 {[%mdl 512] Qd4 is the strong threat.} Kxg7 {[#] C07: French Tarrasch: 3...c5, 4 Ngf3 and 4 exd5 Qxd5.} 16. Qd4 $1 {Hoping for Bh6+!} e5 17. Qh4 Ng4 {[#] Threatens to win with ...Qd8.} 18. Bh6+ (18. f3 $1 $16 {[%cal Rf3g4]} Qd6 19. fxg4) 18... Nxh6 $14 19. Qg5+ Kh8 20. Qxh6 {[%cal Rh6f8][%mdl 64] Double Attack} Qe7 21. Kxh2 f6 22. Re3 {[#]} Bf5 $146 ({Predecessor:} 22... Be6 23. Rd1 Rf7 24. Bxe6 Qxe6 25. Rg3 Re8 26. b3 e4 27. c4 Qe7 28. Qf4 Rg8 29. Rxg8+ Kxg8 {1-0 (52) Mueller,O (2355)-Keitlinghaus,L (2415) Germany 1990}) 23. Rd1 Rad8 24. Rxd8 Rxd8 25. Rg3 Be4 26. c3 Bd5 27. Bxd5 Rxd5 28. Qh5 Qe6 29. Qh6 {[%csl Gg3][%cal Rh6g7]} Qe7 $1 30. Qh5 Qe6 $1 31. Qh6 {Accuracy: White = 80%, Black = 93%.} (31. c4 $16 Rd8 32. b3) 1/2-1/2

[Event "POL-chT 1st League 2020"]
[Site "Ustron"]
[Date "2020.09.11"]
[Round "7.26"]
[White "Pacan-Milej, Kosma"]
[Black "Zylka, Stanislaw"]
[Result "0-1"]
[WhiteElo "2420"]
[BlackElo "2377"]
[Annotator "TA"]
[PlyCount "102"]
[EventDate "2020.09.05"]
[EventType "team-tourn"]
[EventCountry "POL"]
[SourceTitle "playchess.com"]
[Source "ChessBase"]
[SourceQuality "1"]
[WhiteTeam "UKS RODLO Opole"]
[BlackTeam "MKSz Rybnik"]

{[%evp 17,102,25,22,0,0,0,0,0,0,-10,0,1,10,2,7,0,3,-27,-26,-59,-40,-45,-53,-90,-85,-89,-49,-82,-74,-85,-77,-87,-72,-79,-79,-73,-76,-89,-61,-79,-81,-68,-90,-95,-48,-56,-55,-56,-18,-72,-63,-74,-92,-91,-104,-197,-196,-201,-97,-91,0,0,0,-150,-144,-200,-198,-198,-163,-182,-199,-183,-159,-206,-210,-208,-209,-256,-201,-568,-549,-864,-837,-896,-880,-826,-784]} 1. d4 Nf6 2. c4 g6 3. g3 Bg7 4. Bg2 d5 5. cxd5 Nxd5 6. Nf3 O-O 7. O-O Nb6 8. Nc3 Nc6 {[%cal Bb8c6,Bc6b4,Bb4d3][%mdl 32]} 9. e3 Re8 10. Nh4 {Recently 10.h3 got a lot of attention. D76: Fianchetto Grünfeld: Main Line with 7...Nb6.} e5 {[%cal Re5d4]} 11. d5 Nb4 12. Qb3 {The position is equal.} Nd3 13. Rd1 Nxc1 14. Raxc1 Bg4 15. Bf3 Bd7 16. e4 {[#]} a6 $146 {[%cal Ba7a6,Ba6a5,Ba5a4][%mdl 32]} ({Predecessor:} 16... Bh6 17. Rc2 a6 18. a4 Ra7 19. Ng2 Nc8 20. Ne1 Qf6 21. Bg2 Qb6 22. Qa2 a5 {½-½ (45) Greet,A (2460)-Pigott,J (2400) England 2018}) 17. d6 {Strongly threatening dxc7.} c6 18. Be2 Be6 19. Qa3 Bf8 20. Nf3 {[#]} f6 $1 21. Rc2 a5 22. Na4 Nxa4 23. Qxa4 Qd7 ({Avoid the trap} 23... Bxd6 $2 24. Rcd2 $18) 24. Bc4 b5 {[%mdl 64] Double Attack} 25. Bxe6+ Rxe6 26. Qb3 a4 27. Qc3 Rc8 ({Much worse is} 27... Rxd6 $6 28. Rxd6 Qxd6 29. Qxc6 $11) 28. Rcd2 Rxd6 29. Rxd6 Bxd6 30. h4 Qe7 31. h5 Bb4 32. Qc1 Kg7 33. a3 (33. hxg6 $11 hxg6 34. Kg2) 33... Ba5 $17 34. hxg6 hxg6 35. Kg2 Bb6 36. Nh4 {[#]} (36. Rd3 $17) 36... Qe6 $1 $19 37. Rh1 {next Nxg6! is good for White.} Qg4 (37... Rh8 $19 {and Black stays clearly on top.} 38. Nf3 Rxh1 39. Qxh1 Qd7) 38. Qc2 $17 Rc7 ({Black should play} 38... Qd7 $17 39. Nf3 Rh8 40. Rxh8 Kxh8) 39. Nf3 $11 g5 40. Rd1 (40. Nh2 $1 $11 Qe6 41. Qd1) 40... Qe6 41. Qd2 (41. Rh1 $17 {keeps fighting.}) 41... Kg6 $19 42. Rh1 {Black should prevent Qd8.} Rd7 $36 {[%mdl 2048] Keeping White busy.} 43. Qe2 {aiming for Nxe5+!} Rh7 44. Rxh7 Kxh7 45. Qd1 Kg6 46. Qh1 Bd4 47. Qh8 Bxb2 48. Nh2 $2 (48. Qf8) 48... Kf7 {Black is clearly winning.} 49. f3 Bxa3 50. Qh7+ Ke8 51. Ng4 Be7 {Accuracy: White = 58%, Black = 78%.} 0-1

[Event "POL-chT 1st League 2020"]
[Site "Ustron"]
[Date "2020.09.11"]
[Round "7.27"]
[White "Koziol, Kamil"]
[Black "Licznerski, Lukasz"]
[Result "1/2-1/2"]
[WhiteElo "2296"]
[BlackElo "2377"]
[Annotator "TA"]
[PlyCount "67"]
[EventDate "2020.09.05"]
[EventType "team-tourn"]
[EventCountry "POL"]
[SourceTitle "playchess.com"]
[Source "ChessBase"]
[SourceQuality "1"]
[WhiteTeam "MKSz Rybnik"]
[BlackTeam "UKS RODLO Opole"]

{[%evp 18,67,22,22,14,6,22,0,0,-25,13,-2,51,16,16,23,26,23,18,23,31,20,39,20,23,28,18,20,45,8,0,0,39,-10,0,0,0,-54,0,0,0,0,0,0,0,0,0,0,0,0,0,0]} 1. e4 c5 2. Nf3 Nc6 3. Bb5 g6 4. Bxc6 dxc6 5. d3 Bg7 6. Nc3 e5 7. Be3 Qe7 8. h3 Nf6 9. Qd2 Nd7 10. O-O Nf8 {B31: Sicilian: 2...Nc6 3 Bb5 g6.} 11. a4 Ne6 {[#]} 12. Nh2 $146 ({Predecessor:} 12. a5 O-O 13. Nh2 g5 14. Na4 Rd8 15. Qc3 Nd4 16. Rfe1 Bf8 17. f3 Be6 18. g4 {1-0 (36) Rosa,G (1576)-Pedroso,D (1873) Florianopolis 2020}) 12... O-O 13. Rae1 b6 14. Ne2 a6 (14... Ba6 $11) 15. b3 b5 16. f4 exf4 17. Nxf4 Nd4 18. Ne2 Be6 19. Nf3 Nxe2+ 20. Rxe2 c4 21. bxc4 bxc4 22. d4 Qa3 23. c3 Qxa4 24. Bh6 Qa3 25. Qf4 Bxh6 26. Qxh6 {[#] White threatens Ng5 and mate.} f6 $1 27. e5 (27. Rd1 $11) 27... f5 (27... Qxc3 28. exf6 Rxf6 29. Rfe1 $18) ({Black should play} 27... Bd5 $1 $15) 28. Nh4 {Hoping for Nxg6!The position is equal.} Qe7 $1 29. Nxg6 hxg6 30. Qxg6+ Kh8 {aiming for ...Rf7.} 31. Qh6+ $1 Kg8 32. Qg6+ Kh8 {And now ...Rf7 would win.} 33. Qh6+ $1 Kg8 34. Qg6+ {An uneventful encounter. Accuracy: White = 77%, Black = 82%.} 1/2-1/2

[Event "POL-chT 1st League 2020"]
[Site "Ustron"]
[Date "2020.09.11"]
[Round "7.28"]
[White "Godzwon, Iwo"]
[Black "Nowak, Mikolaj"]
[Result "1-0"]
[WhiteElo "2317"]
[BlackElo "2279"]
[Annotator "TA"]
[PlyCount "79"]
[EventDate "2020.09.05"]
[EventType "team-tourn"]
[EventCountry "POL"]
[SourceTitle "playchess.com"]
[Source "ChessBase"]
[SourceQuality "1"]
[WhiteTeam "UKS RODLO Opole"]
[BlackTeam "MKSz Rybnik"]

{[%evp 10,79,35,21,34,32,29,30,29,35,39,34,28,41,40,29,41,33,30,6,32,32,39,39,37,35,37,23,35,27,60,67,76,73,185,183,178,66,164,166,145,126,207,132,212,226,218,216,220,216,199,143,142,139,125,117,241,251,237,240,272,259,379,382,352,353,406,401,399,357,424,418]} 1. e4 d6 2. d4 Nf6 3. Nc3 e5 4. Nf3 Nbd7 5. Bc4 Be7 6. O-O {aiming for Bxf7+!} Nb6 {C41: Philidor Defence.} 7. Be2 exd4 8. Nxd4 O-O {White has an edge.} 9. Bf4 Re8 10. Re1 Bf8 11. Bf1 c6 12. a4 a5 13. h3 Nbd7 14. Bc4 {[#]} d5 $146 ({Predecessor:} 14... Nc5 15. e5 dxe5 16. Rxe5 Rxe5 17. Bxe5 Nfd7 18. Nf3 Qe7 19. Bd4 Ne6 20. Qd2 Nxd4 21. Qxd4 {0-1 (48) Grover,S (2495)-Baklan,V (2602) Reykjavik 2011}) 15. exd5 {Black must now prevent Rxe8.} Rxe1+ 16. Qxe1 Nb6 17. Bb3 $36 {[%mdl 2048] White is more active.} Nfxd5 18. Nxd5 Nxd5 19. Bg3 Qf6 20. Qe4 Ne7 21. Rd1 Nf5 (21... h6 $16) 22. Be5 $18 Qg6 {[#]} 23. Bc7 (23. Rd3 $1 $18) 23... Bd7 ({Black should try} 23... Ne7 $14 24. Qxg6 Nxg6) 24. Nf3 Be6 25. Bxe6 fxe6 (25... Qxe6 $16 {keeps fighting.} 26. Qxe6 fxe6) 26. Re1 Bd6 (26... Ne7 $16 27. Qxg6 (27. Qxe6+ Qxe6 28. Rxe6 Nd5 $16) 27... Nxg6 28. Rxe6 Ne7) 27. Bxd6 Nxd6 28. Qxg6 ({Resist} 28. Qxe6+ $6 Qxe6 29. Rxe6 Rd8) 28... hxg6 29. Rxe6 {[%mdl 4096] Endgame KRN-KRN} Rd8 30. Rxg6 (30. b3 $18) 30... Nc4 $16 31. b3 Rd1+ 32. Kh2 Na3 {This costs Black the game.} (32... Nd2 $16 {might work better.}) 33. Rg5 $18 Nxc2 34. Rxa5 Rd3 {[#]} 35. Ng5 $1 {Threatening mate with Ra8+.} g6 (35... Kf8 $142 36. Ne6+ Ke7) 36. Ra8+ Kg7 37. Ne6+ Kf7 38. Nc5 Rc3 39. Nxb7 Rxb3 40. Nd8+ {Accuracy: White = 85%, Black = 55%.} 1-0

[Event "POL-chT 1st League 2020"]
[Site "Ustron"]
[Date "2020.09.11"]
[Round "7.29"]
[White "Tomaszewski, Kacper"]
[Black "Kowalczyk, Pawel"]
[Result "0-1"]
[WhiteElo "2341"]
[BlackElo "2339"]
[Annotator "TA"]
[PlyCount "106"]
[EventDate "2020.09.05"]
[EventType "team-tourn"]
[EventCountry "POL"]
[SourceTitle "playchess.com"]
[Source "ChessBase"]
[SourceQuality "1"]
[WhiteTeam "MKSz Rybnik"]
[BlackTeam "UKS RODLO Opole"]

{[%evp 19,106,46,47,51,44,44,55,52,76,32,31,20,29,21,66,60,62,57,70,8,21,0,0,0,2,0,-5,-17,-39,-87,-79,-75,-54,-109,-123,-146,-138,-154,-122,-168,-162,-161,-161,-179,-160,-207,-118,-128,-116,-125,-116,-256,-254,-243,-175,-183,-183,-183,-183,-183,-183,-183,-176,-171,-161,-255,-220,-565,-428,-529,-150,-128,0,-509,-191,-1516,-422,-523,-420,-1189,-920,-12834,-12831,-12834,-12833,-12832,-12814,-12827,-5940]} 1. d4 Nf6 2. c4 g6 3. Nc3 Bg7 4. e4 d6 5. Nge2 O-O 6. Ng3 c5 7. d5 e6 8. Be2 exd5 9. exd5 Re8 10. O-O Nbd7 11. h3 {E70: King's Indian: Miscellaneous lines with 4 e4, including 5 Nge2 and 5 Bd3 0-0 6 Nge2.} a6 12. a4 Rb8 13. Qc2 {[#] White is slightly better.} Nf8 $146 ({Predecessor:} 13... h5 14. Bg5 Qc7 15. f4 Nh7 16. Bh4 Bf6 17. Bxf6 Ndxf6 18. f5 Kg7 19. fxg6 fxg6 {½-½ (51) Rajkovic,D (2258)-Vlajkovic,S (2156) Bajina Basta 2019}) 14. Bd3 N6d7 15. f4 Qh4 16. Nge4 {f5 is the strong threat.} Bd4+ 17. Kh2 $1 Nf6 18. Nxf6+ $1 (18. Nxd6 $2 {leads to mate.} Ng4+ 19. Kh1 Qg3 $1 {[%mdl 512]} 20. Nxe8 Qh2#) 18... Qxf6 19. Ne4 ({Better is} 19. Ne2 $14) 19... Qe7 20. Bd2 Bf5 $36 {[%cal Rf5e4][%mdl 2048] White is under pressure.} 21. Rae1 Bxe4 22. Bxe4 Qf6 23. f5 {Threatens to win with fxg6.} g5 24. g4 b5 25. axb5 axb5 26. cxb5 (26. h4 $15) 26... Rxb5 $17 27. b3 Reb8 $1 28. Rf3 Nd7 29. Kg2 Ne5 30. Rg3 h6 31. Rh1 c4 {[%cal Rc4b3]} 32. b4 {[#]} c3 ({Black should try} 32... Ng6 $1 $19 {[%cal Rg6f4][%mdl 512]} 33. Re1 (33. fxg6 Qf2#) 33... Nf4+ 34. Kh1 Rc8) 33. Bxc3 Bxc3 34. Rxc3 Rxb4 {Hoping for ...Kg7.} 35. Rc8+ (35. Re1 $17 {only move.}) 35... Rxc8 $19 36. Qxc8+ Kg7 37. Rb1 Rxb1 $1 ({Don't blunder} 37... Rxe4 $2 38. Rb8 $18) ({Resist} 37... Rc4 38. Qe8 $15) 38. Bxb1 Qe7 $1 39. Qc3 Qb7 $1 {[%cal Rb7b1]} 40. Be4 Qa6 {White must now prevent ...Qe2+.} 41. Kf2 Qa2+ 42. Kg3 (42. Ke1 $142) 42... Qe2 43. Qb4 $2 (43. Qd4 {is a better chance.}) 43... Qe3+ 44. Kg2 {[#] aiming for f6+!} Nd7 $2 (44... h5 $1 $19 {[%mdl 512] is more deadly.} 45. gxh5 f6) 45. Qb2+ $17 Ne5 $2 {[%mdl 8192]} (45... Kf8 $17 46. Bf3 Ne5) 46. Qb4 $1 $19 {[#] Strongly threatening f6+!} Qf4 $2 (46... h5 $1 {[%mdl 512]} 47. gxh5 f6) 47. Qd4 $2 {[#]} (47. Qe1) 47... Kf6 (47... h5 $142 $1 {[%mdl 512]} 48. gxh5 g4 49. h6+ Kxh6 50. hxg4 Kg5) 48. Qb4 {[#]} Nxg4 $1 {[%mdl 512] ( -> ...Qf2+)} 49. hxg4 {[#]} (49. Qc3+ $142 Ne5 50. Qe1) 49... Ke5 $1 {Black is clearly winning.} 50. Qb7 Qxe4+ 51. Kg3 Qf4+ 52. Kh3 Qf3+ {[%mdl 64] Double Attack} 53. Kh2 Qf2+ {Accuracy: White = 48%, Black = 72%.} 0-1